LDR 00823naa#a2200169#i#450# 001 RU\\bibl\121497 005 20260514110141.4 011 ## _a1994-4683 100 ## _a20230531b2023####ek#y0rusy0150####ca 102 ## _aRU 200 1# _aЛИЧНОСТНЫЕ ОСОБЕННОСТИ СТУДЕНТОВ С РАЗНЫМИ ТИПАМИ АКАДЕМИЧЕСКОЙ МОТИВАЦИИ _eЖурнальная статья 210 1# _aМосква _cНациональный государственный Университет физической культуры, спорта и здоровья им. П.Ф. Лесгафта _d2023 215 ## _a4 с. 608 ## _aЖурнальная статья _2local 675 ## _aПрочие вопросы психологии. 159.99 _z 700 #1 _aТарасова _gЛ Е 856 4# _auchzapiski.lesgaft.spb.ru _u